| 000 | 00901nam a22002417a 4500 | ||
|---|---|---|---|
| 001 | 80991 | ||
| 003 | BD-RjUL | ||
| 005 | 20230125113634.0 | ||
| 008 | 221219s1986 bg a|||| m||| 00| 0 eng d | ||
| 035 | _a(BD-RjUL)80991 | ||
| 040 |
_aBD-RjUL _beng _cBD-RjUL _dBD-RjUL |
||
| 041 | _aeng | ||
| 082 |
_223 _a621 _bKAS 1986 |
||
| 100 |
_aHakim, Md. Obaidul _96377 |
||
| 245 | 1 | 0 |
_aA Study of electrical and optical properties of transparent conducting SnO2 and In2O3 thin Films prepared by pyrosol process / _cby Md. Obaidul Hakim ; _6Supervisor : M.N. Islam, |
| 260 |
_aRajshahi : _bDepartment of Physics, University of Rajshahi, _c1986 |
||
| 300 |
_a(x), -197- _bill, ; _c30.cm. |
||
| 502 | _aThesis (Ph. D.) -- Department of Physics, University of Rajshahi, 1986 | ||
| 504 | _aReferences : Leaves -107-108- | ||
| 650 | _aApplied Physics | ||
| 700 |
_aIslam, M.N. Supervisor _96378 |
||
| 942 |
_2ddc _cTHE |
||
| 999 |
_c80991 _d80991 |
||